[Event "XXVIII Festival A"]
[Site "Arco ITA"]
[Date "2006.10.28"]
[Round "8"]
[White "Isonzo, David"]
[Black "Wohl, Aleksandar H."]
[Result "0-1"]
[WhiteElo "2345"]
[BlackElo "2427"]
[PlyCount "106"]
[EventDate "2006.10.21"]

1. e4 Nf6 2. Nc3 d5 3. e5 Nfd7 4. d4 c5 5. f4 cxd4 6. Nb5 Nc6 7. Nf3 e6 8.
Nbxd4 Bc5 9. c3 Qb6 10. Rb1 O-O 11. Be3 f6 12. b4 Nxd4 13. Bxd4 Bxd4 14. cxd4
a5 15. b5 a4 16. Bd3 Qa5+ 17. Qd2 Nb6 18. Qxa5 Rxa5 19. Kd2 Bd7 20. Rhc1 Nc4+
21. Bxc4 dxc4 22. Rxc4 Rxb5 23. Rxb5 Bxb5 24. Rc7 Bc6 25. Ke3 Bd5 26. a3 b5 27.
Ne1 Rb8 28. Nd3 fxe5 29. dxe5 Bxg2 30. Nb4 h6 31. Re7 Bh3 32. Rc7 Rd8 33. Rc5
Bf1 34. Rc6 Kf7 35. Rd6 Rc8 36. Nc6 Bc4 37. Nd8+ Ke7 38. Nc6+ Kf8 39. Nd4 b4
40. axb4 a3 41. b5 Ra8 42. b6 a2 43. Nc2 Bd5 44. Na1 g6 45. Rd7 Rb8 46. Rd6 Ke7
47. h4 Rc8 48. Kd2 h5 49. Kd1 Rc5 50. Kd2 Rb5 51. b7 Bxb7 52. Kc2 Be4+ 53. Kc3
Rb1 0-1

[Event "XXVIII Festival A"]
[Site "Arco ITA"]
[Date "2006.10.28"]
[Round "8"]
[White "Kaserer, Hans-Peter"]
[Black "Stolfa, Rodolfo"]
[Result "1-0"]
[WhiteElo "1989"]
[BlackElo "1754"]
[PlyCount "60"]
[EventDate "2006.10.21"]

1. d4 d5 2. c4 e6 3. Nc3 Nf6 4. Bg5 Nbd7 5. e3 Be7 6. Nf3 c6 7. Bd3 dxc4 8.
Bxc4 b5 9. Bd3 Nd5 10. Bxe7 Qxe7 11. Rc1 Bb7 12. O-O N7b6 13. Ne4 Rc8 14. Ne5
g6 15. Nc5 O-O 16. Qf3 Ba8 17. Ng4 Nd7 18. Nxd7 Qxd7 19. e4 f5 20. Ne5 Qd6 21.
exd5 c5 22. Bxb5 Bxd5 23. Qa3 Rc7 24. Rxc5 Rfc8 25. Rfc1 Qd8 26. Rxc7 Rxc7 27.
Rxc7 Qxc7 28. Qc5 Qb7 29. Nd7 Qa8 30. Qe7 Kh8 1-0

[Event "XXVIII Festival A"]
[Site "Arco ITA"]
[Date "2006.10.28"]
[Round "8"]
[White "Luciani, Carlo"]
[Black "Cardili, Mariano"]
[Result "1-0"]
[WhiteElo "2236"]
[BlackElo "2079"]
[PlyCount "83"]
[EventDate "2006.10.21"]

1. e4 e6 2. d4 d5 3. Nd2 c5 4. exd5 Qxd5 5. Ngf3 cxd4 6. Bc4 Qd6 7. O-O Nf6 8.
Nb3 Nc6 9. Nbxd4 Nxd4 10. Nxd4 a6 11. c3 Qc7 12. Qe2 Bd6 13. Bg5 Bxh2+ 14. Kh1
Be5 15. f4 Bxd4 16. cxd4 O-O 17. Bxf6 gxf6 18. Qg4+ Kh8 19. Qh4 Qd8 20. f5 Rg8
21. Rae1 Rg5 22. Rf3 Qg8 23. fxe6 Bxe6 24. d5 Bg4 25. Rg3 Rh5 26. Qxh5 Bxh5 27.
Rxg8+ Kxg8 28. Re7 b5 29. Bb3 Kf8 30. Rb7 Bg6 31. Rb6 Ke7 32. a4 Bd3 33. a5 Bc4
34. d6+ Ke6 35. Bd1 Bd5 36. Be2 Kd7 37. Bg4+ Be6 38. Bf3 Ra7 39. Bb7 Bc4 40.
Bxa6 Ra8 41. b4 Ke6 42. Bb7 1-0

[Event "XXVIII Festival A"]
[Site "Arco ITA"]
[Date "2006.10.28"]
[Round "8"]
[White "Ludovici, Roberto"]
[Black "Catalano, Luigi"]
[Result "1/2-1/2"]
[WhiteElo "1774"]
[BlackElo "1808"]
[PlyCount "137"]
[EventDate "2006.10.21"]

1. e4 e5 2. Nf3 Nc6 3. Bc4 h6 4. Nc3 Nf6 5. d4 d6 6. dxe5 dxe5 7. Qxd8+ Nxd8 8.
Nxe5 Bb4 9. Bd2 Bxc3 10. Bxc3 Nxe4 11. Bb4 Nd6 12. Bb3 O-O 13. O-O-O Re8 14.
Rhe1 Be6 15. Bxe6 Rxe6 16. Nf3 Ne8 17. Rxe6 Nxe6 18. Be7 f6 19. Ba3 b5 20. g3
a5 21. b3 b4 22. Bb2 Nd6 23. Re1 Kf7 24. h4 a4 25. bxa4 Rxa4 26. Kb1 Nb5 27.
Re3 c5 28. Nd2 Na3+ 29. Bxa3 bxa3 30. Rb3 Kg6 31. Kc1 Kf5 32. Nb1 Nd4 33. Rxa3
Rxa3 34. Nxa3 Ke4 35. Kd2 Kf3 36. Ke1 Nc6 37. c3 Ne5 38. Nb1 Nd3+ 39. Kf1 Nxf2
40. a4 Ne4 41. a5 Nd6 42. Na3 Nc8 43. Nb5 Kxg3 44. h5 Kg4 45. a6 Kxh5 46. a7
Nb6 47. Nc7 f5 48. a8=Q Nxa8 49. Nxa8 Kg5 50. Nc7 c4 51. Ne6+ Kf6 52. Nd4 g5
53. Kf2 h5 54. Kg3 Ke5 55. Nf3+ Kf6 56. Nd2 g4 57. Nxc4 Kg5 58. Nd2 f4+ 59. Kg2
h4 60. c4 h3+ 61. Kh2 Kf5 62. c5 Ke5 63. Nc4+ Kd5 64. c6 g3+ 65. Kxh3 Kxc6 66.
Ne5+ Kd5 67. Nf3 Ke4 68. Kg2 Ke3 69. Nh4 1/2-1/2

[Event "XXVIII Festival A"]
[Site "Arco ITA"]
[Date "2006.10.28"]
[Round "8"]
[White "Perich, Stefano"]
[Black "Del Nevo, Claudio"]
[Result "1/2-1/2"]
[WhiteElo "1998"]
[BlackElo "1917"]
[PlyCount "45"]
[EventDate "2006.10.21"]

1. e4 d6 2. d4 Nf6 3. Bd3 g6 4. Bf4 Bg7 5. Nf3 O-O 6. Qe2 c6 7. O-O Nbd7 8. Kh1
b5 9. a4 bxa4 10. Rxa4 a5 11. Be3 Bb7 12. Nbd2 Qc7 13. Rfa1 Ra7 14. Nb3 Rfa8
15. Bd2 c5 16. Rxa5 Rxa5 17. Rxa5 Rxa5 18. Bxa5 Qc6 19. d5 Qc8 20. c4 Qb8 21.
Bc3 Bxd5 22. exd5 Qxb3 23. Bc2 1/2-1/2

[Event "XXVIII Festival A"]
[Site "Arco ITA"]
[Date "2006.10.28"]
[Round "8"]
[White "Perryman, Marcus"]
[Black "La Malfa, Stelio"]
[Result "1/2-1/2"]
[WhiteElo "1990"]
[BlackElo "1879"]
[PlyCount "37"]
[EventDate "2006.10.21"]

1. e4 e6 2. d4 d5 3. Nd2 c5 4. Ngf3 Nc6 5. exd5 exd5 6. Bb5 Qb6 7. Qe2+ Be7 8.
dxc5 Qxc5 9. Nb3 Qb4+ 10. c3 Qe4 11. Be3 Bg4 12. Nbd2 Qe6 13. O-O Nf6 14. Rfe1
O-O 15. Bg5 Rfe8 16. Qxe6 Bxe6 17. h3 Bd6 18. Bd3 Nd7 19. Bc2 1/2-1/2

[Event "XXVIII Festival A"]
[Site "Arco ITA"]
[Date "2006.10.28"]
[Round "8"]
[White "Pieri, Enzo"]
[Black "Gestrich, Wolfgang"]
[Result "1-0"]
[WhiteElo "1931"]
[BlackElo "1762"]
[PlyCount "43"]
[EventDate "2006.10.21"]

1. e4 e5 2. Nf3 Nf6 3. Nc3 d6 4. Bc4 Be7 5. O-O O-O 6. d4 exd4 7. Nxd4 a6 8. a4
c5 9. Nf5 Bxf5 10. exf5 Nc6 11. Nd5 Nxd5 12. Bxd5 Qc7 13. c3 Rfe8 14. g4 h6 15.
f4 Qd8 16. g5 hxg5 17. Qh5 Rf8 18. fxg5 Bxg5 19. Bxg5 Qd7 20. f6 Ne5 21. fxg7
Kxg7 22. Bf6+ 1-0

[Event "XXVIII Festival A"]
[Site "Arco ITA"]
[Date "2006.10.28"]
[Round "8"]
[White "Rametta, Marcello"]
[Black "Rossi, Paolo"]
[Result "1/2-1/2"]
[WhiteElo "1780"]
[BlackElo "1790"]
[PlyCount "73"]
[EventDate "2006.10.21"]

1. e4 c5 2. Bc4 e6 3. Nf3 d5 4. exd5 exd5 5. Bb5+ Bd7 6. Bxd7+ Nxd7 7. O-O Bd6
8. d4 c4 9. c3 h6 10. Re1+ Ne7 11. Nh4 O-O 12. Na3 a6 13. Nc2 Qc7 14. g3 Rfe8
15. Ne3 Nf6 16. Qf3 Qd7 17. Nef5 Nxf5 18. Rxe8+ Rxe8 19. Nxf5 Re6 20. Ne3 Bc7
21. Kg2 Ne4 22. Qf5 Nf6 23. Qh3 Kh7 24. Nf5 Ng8 25. Be3 Rf6 26. g4 Rg6 27. f3
Qxf5 28. Kh1 Qd3 29. Bg1 Rf6 30. Rf1 Bf4 31. Bf2 Re6 32. Kg2 Re2 33. Qh5 Nf6
34. Qxf7 Rxb2 35. Qe6 Qe2 36. Qf5+ Kg8 37. Qxf4 1/2-1/2

[Event "XXVIII Festival A"]
[Site "Arco ITA"]
[Date "2006.10.28"]
[Round "8"]
[White "Ricci, Alfredo"]
[Black "Trauth, Michael"]
[Result "0-1"]
[WhiteElo "2059"]
[BlackElo "2153"]
[PlyCount "77"]
[EventDate "2006.10.21"]

1. e4 c5 2. Nf3 Nc6 3. Nc3 g6 4. g3 Bg7 5. Bg2 Rb8 6. d3 b5 7. O-O b4 8. Ne2
Nf6 9. d4 Nxe4 10. dxc5 Nxc5 11. Qd5 Ne6 12. Bf4 Nxf4 13. Nxf4 O-O 14. h4 Qa5
15. Qb3 e6 16. Rfd1 d5 17. h5 Qc5 18. hxg6 hxg6 19. Qd3 Rb6 20. Rab1 Ba6 21.
Qd2 Na5 22. Nd3 Qe7 23. Nfe5 Nc4 24. Qe1 Nxe5 25. Nxe5 Rc8 26. Rbc1 Bh6 27. f4
Rb7 28. c3 bxc3 29. Rxc3 Rxc3 30. Qxc3 Rc7 31. Qd2 Qc5+ 32. Kh2 Bg7 33. Re1 Qc2
34. Qb4 Bxe5 35. fxe5 Kg7 36. Qd6 Rc6 37. Qe7 Qf2 38. Rg1 Rc8 39. Qb4 0-1

[Event "XXVIII Festival A"]
[Site "Arco ITA"]
[Date "2006.10.28"]
[Round "8"]
[White "Romagnoli, Roberto"]
[Black "Becker, Jonas"]
[Result "0-1"]
[WhiteElo "2138"]
[BlackElo "1922"]
[PlyCount "50"]
[EventDate "2006.10.21"]

1. c4 e5 2. Nc3 f5 3. e3 Nf6 4. g3 c6 5. Bg2 d6 6. Nge2 Be6 7. b3 Be7 8. O-O
O-O 9. d4 e4 10. a4 d5 11. Nf4 Bf7 12. cxd5 cxd5 13. Ba3 Nc6 14. Bxe7 Qxe7 15.
h4 g6 16. Rb1 h6 17. Qd2 g5 18. hxg5 hxg5 19. Nfe2 Bh5 20. Rfe1 Bf3 21. Kf1 Qh7
22. Ng1 g4 23. Nce2 Qh2 24. Bxf3 gxf3 25. Nxf3 exf3 0-1

[Event "XXVIII Festival A"]
[Site "Arco ITA"]
[Date "2006.10.28"]
[Round "8"]
[White "Salvador, Roland"]
[Black "Aagaard, Jacob"]
[Result "1/2-1/2"]
[WhiteElo "2455"]
[BlackElo "2464"]
[PlyCount "84"]
[EventDate "2006.10.21"]

1. d4 Nf6 2. Nf3 e6 3. c4 b6 4. g3 Ba6 5. Nbd2 Bb7 6. Bg2 d5 7. O-O Be7 8. cxd5
exd5 9. Nh4 Qc8 10. Qa4+ c6 11. Qc2 g6 12. e4 dxe4 13. Nxe4 O-O 14. Bg5 Nbd7
15. f4 Re8 16. f5 Nxe4 17. Bxe7 Rxe7 18. Bxe4 Qe8 19. Bd3 c5 20. Bc4 Kh8 21.
fxg6 fxg6 22. d5 Re4 23. Nf3 Qe7 24. Rfe1 Rxe1+ 25. Rxe1 Qf6 26. Re3 Rf8 27. a4
a6 28. Qc3 Qxc3 29. bxc3 Nf6 30. Rd3 Nxd5 31. Rxd5 Bxd5 32. Bxd5 b5 33. a5 Rd8
34. c4 bxc4 35. Bxc4 Rd1+ 36. Kf2 Ra1 37. Bxa6 Rxa5 38. Bc4 Ra3 39. Ke2 Kg7 40.
Ne1 Rc3 41. Bd3 c4 42. Be4 Rb3 1/2-1/2

[Event "XXVIII Festival A"]
[Site "Arco ITA"]
[Date "2006.10.28"]
[Round "8"]
[White "Shaw, John Kerr"]
[Black "Schaefer, Michael"]
[Result "0-1"]
[WhiteElo "2473"]
[BlackElo "2199"]
[PlyCount "118"]
[EventDate "2006.10.21"]

1. e4 c5 2. b3 b6 3. Bb2 Bb7 4. Nc3 d6 5. f4 e6 6. Nf3 a6 7. g3 Nf6 8. d3 Be7
9. Bg2 O-O 10. O-O b5 11. e5 dxe5 12. Nxe5 Qb6 13. Bxb7 Qxb7 14. Qf3 Qxf3 15.
Rxf3 Nfd7 16. Nxd7 Nxd7 17. Ne4 Nb6 18. c4 Rfd8 19. Bc3 b4 20. Bb2 a5 21. a4
Rd7 22. Kf1 Rad8 23. Ke2 Na8 24. Rg1 f5 25. Nf2 Kf7 26. g4 g6 27. Rh3 Kg8 28.
Rgg3 Bf8 29. Re3 Rd6 30. Bf6 R8d7 31. g5 Bg7 32. Bxg7 Kxg7 33. Rh6 Nb6 34. h4
Re7 35. h5 Nd7 36. hxg6 hxg6 37. Reh3 Nf8 38. d4 Rxd4 39. Nd3 e5 40. Nxe5 Rxf4
41. Re3 Re6 42. Rhh3 Re4 43. Rxe4 fxe4 44. Ng4 Nh7 45. Rh1 Rd6 46. Nf2 Nxg5 47.
Ke3 Rf6 48. Ke2 Rf4 49. Rd1 Ne6 50. Rd7+ Kf6 51. Rd6 Kf7 52. Rd7+ Ke8 53. Rd5
Nd4+ 54. Ke1 Nxb3 55. Re5+ Kd7 56. Rd5+ Ke6 57. Nh3 Rg4 58. Kf2 e3+ 59. Kf3
Rxc4 0-1

[Event "XXVIII Festival A"]
[Site "Arco ITA"]
[Date "2006.10.28"]
[Round "8"]
[White "Tocco, Paolo"]
[Black "Dittmar, Peter"]
[Result "1/2-1/2"]
[WhiteElo "2141"]
[BlackElo "2365"]
[PlyCount "44"]
[EventDate "2006.10.21"]

1. d4 d5 2. e4 e6 3. Nd2 a6 4. Ngf3 c5 5. dxc5 Bxc5 6. Nb3 Ba7 7. exd5 exd5 8.
Bd3 Ne7 9. O-O Nbc6 10. c3 O-O 11. Re1 Nf5 12. Qc2 g6 13. Qe2 h5 14. Bf4 Be6
15. Qd2 Qd7 16. Rad1 Rad8 17. Bxf5 Bxf5 18. Bh6 Rfe8 19. Bg5 Rxe1+ 20. Rxe1 Re8
21. Be3 Bxe3 22. Rxe3 Be4 1/2-1/2

[Event "XXVIII Festival A"]
[Site "Arco ITA"]
[Date "2006.10.28"]
[Round "8"]
[White "Tomassoni, Leonardo"]
[Black "Cottarelli, Franco"]
[Result "0-1"]
[WhiteElo "2020"]
[BlackElo "1958"]
[PlyCount "54"]
[EventDate "2006.10.21"]

1. e4 c6 2. d4 d5 3. Nc3 dxe4 4. Nxe4 Bf5 5. Ng3 Bg6 6. Nf3 Nd7 7. Bc4 Ngf6 8.
h4 h6 9. h5 Bh7 10. Qe2 e6 11. Bd2 Bd6 12. O-O-O Nd5 13. Ne4 Bxe4 14. Qxe4 N7f6
15. Qh4 Qc7 16. g3 O-O-O 17. Rhe1 Kb8 18. Qh3 c5 19. Qf1 Rc8 20. b3 a6 21. Bd3
cxd4 22. Nxd4 Nc3 23. Kb2 Qa5 24. a4 Qb4 25. Ra1 Qxd4 26. Be3 Nd1+ 27. Kb1 Qb2#
0-1

[Event "XXVIII Festival A"]
[Site "Arco ITA"]
[Date "2006.10.28"]
[Round "8"]
[White "Wagman, Stuart"]
[Black "Luciani, Valerio"]
[Result "1/2-1/2"]
[WhiteElo "2125"]
[BlackElo "2229"]
[PlyCount "52"]
[EventDate "2006.10.21"]

1. e4 e6 2. d4 d5 3. Nc3 Bb4 4. e5 c5 5. a3 Bxc3+ 6. bxc3 Ne7 7. Qg4 Kf8 8. Qd1
Qa5 9. Bd2 Qa4 10. Nf3 b6 11. h4 Ba6 12. h5 h6 13. Rh4 Bxf1 14. Kxf1 cxd4 15.
Nxd4 Qa6+ 16. Kg1 Nbc6 17. Rf4 Kg8 18. Nxc6 Nxc6 19. c4 Rd8 20. cxd5 Rxd5 21.
c4 Rd8 22. Qe2 Qb7 23. Bb4 Nxb4 24. axb4 Kf8 25. Qg4 Kg8 26. Qe2 Kf8 1/2-1/2

[Event "XXVIII Festival A"]
[Site "Arco ITA"]
[Date "2006.10.28"]
[Round "8"]
[White "Weinberg, Emanuele"]
[Black "Giuriato, Sergio"]
[Result "1/2-1/2"]
[WhiteElo "1956"]
[BlackElo "2013"]
[PlyCount "79"]
[EventDate "2006.10.21"]

1. d4 Nf6 2. c4 e6 3. Nf3 d5 4. g3 Be7 5. Bg2 O-O 6. O-O Nbd7 7. b3 c6 8. Nc3
b6 9. Qc2 Bb7 10. e4 Rc8 11. e5 Ne8 12. Bb2 Nc7 13. Qe2 f6 14. exf6 Bxf6 15.
Bh3 Re8 16. Ne5 c5 17. Nxd7 Qxd7 18. dxc5 bxc5 19. Bg2 Bc6 20. Qc2 Bxc3 21.
Bxc3 d4 22. Bxc6 Qxc6 23. Bd2 e5 24. b4 cxb4 25. Bxb4 Nd5 26. Bd2 Qxc4 27. Qxc4
Rxc4 28. Rac1 Rec8 29. Rxc4 Rxc4 30. Re1 Rc2 31. Rxe5 Rxd2 32. Rxd5 Rxa2 33.
Rxd4 a5 34. Rd8+ Kf7 35. Ra8 a4 36. Ra6 a3 37. h4 Ra1+ 38. Kg2 a2 39. g4 Ke7
40. h5 1/2-1/2

[Event "XXVIII Festival A"]
[Site "Arco ITA"]
[Date "2006.10.29"]
[Round "9"]
[White "Aagaard, Jacob"]
[Black "Blagojevic, Dragisa"]
[Result "1/2-1/2"]
[WhiteElo "2464"]
[BlackElo "2534"]
[PlyCount "23"]
[EventDate "2006.10.21"]

1. e4 e5 2. Nf3 Nc6 3. Bb5 a6 4. Ba4 Nf6 5. O-O Be7 6. Re1 b5 7. Bb3 d6 8. c3
O-O 9. h3 Nd7 10. d4 Bf6 11. a4 Bb7 12. Na3 1/2-1/2

[Event "XXVIII Festival A"]
[Site "Arco ITA"]
[Date "2006.10.29"]
[Round "9"]
[White "Bernardi, Ruben"]
[Black "De Napoli, Giuseppe"]
[Result "1/2-1/2"]
[WhiteElo "2114"]
[BlackElo "2032"]
[PlyCount "61"]
[EventDate "2006.10.21"]

1. e4 d5 2. exd5 Nf6 3. d4 Nxd5 4. Bc4 Nb6 5. Bb3 Nc6 6. c3 Bf5 7. Qf3 e6 8.
Ne2 Be7 9. Nd2 Na5 10. g4 Bg6 11. Bd1 Qd5 12. Nf4 Qxf3 13. Bxf3 O-O-O 14. h4
Nd5 15. Nxd5 exd5 16. b4 Nc6 17. h5 Bd3 18. Nb3 Rhe8 19. Be3 Bg5 20. Kd2 Bxe3+
21. fxe3 Be4 22. Rh3 h6 23. Rf1 Bxf3 24. Rfxf3 Rd7 25. Nc5 Rde7 26. Rf5 Rd8 27.
Nd3 f6 28. Rg3 Red7 29. Rf2 Re8 30. Nf4 Nd8 31. Kd3 1/2-1/2

[Event "XXVIII Festival A"]
[Site "Arco ITA"]
[Date "2006.10.29"]
[Round "9"]
[White "Burani, Eugenio"]
[Black "Ricci, Alfredo"]
[Result "1/2-1/2"]
[WhiteElo "2023"]
[BlackElo "2059"]
[PlyCount "117"]
[EventDate "2006.10.21"]

1. e4 c5 2. Nf3 Nc6 3. d4 cxd4 4. Nxd4 e5 5. Nb5 d6 6. N1c3 a6 7. Na3 Nf6 8.
Bg5 Be7 9. Bxf6 Bxf6 10. Nd5 O-O 11. c3 Bg5 12. h4 Bh6 13. g4 Bf4 14. Nxf4 exf4
15. f3 Be6 16. Qd2 b5 17. Nc2 d5 18. exd5 Qxd5 19. Qxd5 Bxd5 20. Be2 Rfd8 21.
Kf2 Ne5 22. Rhd1 f6 23. Nd4 Rab8 24. a3 Kf7 25. Rac1 Nc4 26. Bxc4 bxc4 27. Rb1
Rd7 28. b4 cxb3 29. Nxb3 Rdb7 30. Rxd5 Rxb3 31. Rxb3 Rxb3 32. h5 Rxa3 33. Rd7+
Kf8 34. c4 Ra2+ 35. Kf1 a5 36. c5 Rc2 37. Rc7 a4 38. Ra7 Rc3 39. Kf2 a3 40. c6
Rc2+ 41. Ke1 a2 42. Kd1 Rxc6 43. Rxa2 Re6 44. Ra4 g5 45. hxg6 hxg6 46. Rxf4 Kg7
47. Kd2 Kh6 48. Kd3 Kg5 49. Re4 Ra6 50. Ke3 Kh4 51. Kf4 Rb6 52. Rd4 Re6 53. Rd8
g5+ 54. Kf5 Ra6 55. Rf8 Ra3 56. Rh8+ Kg3 57. Kxf6 Ra5 58. Rg8 Kf4 59. Kg6
1/2-1/2

[Event "XXVIII Festival A"]
[Site "Arco ITA"]
[Date "2006.10.29"]
[Round "9"]
[White "Cardili, Mariano"]
[Black "Dalla Vecchia, Paolo"]
[Result "1-0"]
[WhiteElo "2079"]
[BlackElo "1802"]
[PlyCount "81"]
[EventDate "2006.10.21"]

1. d4 d5 2. c4 c6 3. Nf3 Nf6 4. Nc3 dxc4 5. a4 Bf5 6. e3 e6 7. Bxc4 Bb4 8. O-O
O-O 9. Qe2 Nbd7 10. e4 Bg6 11. Bd3 Bh5 12. e5 Bxc3 13. bxc3 Bxf3 14. Qxf3 Nd5
15. Qh3 g6 16. Bh6 Nxc3 17. Bxf8 Nxf8 18. Qe3 Nd5 19. Qd2 Qb6 20. Bc2 Rd8 21.
Rab1 Qc7 22. h4 a5 23. Rfd1 Nb4 24. h5 Qe7 25. hxg6 fxg6 26. Qc3 Nd7 27. Bb3
Kg7 28. Qh3 Nf8 29. Kh1 Nd5 30. Bxd5 Rxd5 31. Kg1 Qd7 32. Qc3 Qc7 33. Rb3 Nd7
34. Rdb1 b6 35. Qe3 c5 36. Qg5 Rxd4 37. Qe7+ Kh8 38. Rxb6 Rb4 39. R6xb4 cxb4
40. Rd1 b3 41. Qe8+ 1-0

[Event "XXVIII Festival A"]
[Site "Arco ITA"]
[Date "2006.10.29"]
[Round "9"]
[White "Dalponte, Dino"]
[Black "Isonzo, David"]
[Result "0-1"]
[WhiteElo "2140"]
[BlackElo "2345"]
[PlyCount "64"]
[EventDate "2006.10.21"]

1. d4 Nf6 2. Nf3 g6 3. Nbd2 Bg7 4. e4 O-O 5. Be2 c5 6. d5 d6 7. O-O e6 8. dxe6
Bxe6 9. Ng5 Bd7 10. f4 h6 11. Ngf3 Nc6 12. c3 Re8 13. Bd3 d5 14. exd5 Nxd5 15.
Nb3 Be6 16. Kh1 b6 17. Bb5 Qc7 18. Nh4 a6 19. Bxc6 Qxc6 20. f5 gxf5 21. Nxf5
Bxf5 22. Rxf5 Rad8 23. Qf1 a5 24. Bd2 a4 25. Nc1 a3 26. bxa3 Nxc3 27. Nd3 Ne4
28. Rd1 Qd7 29. Be1 c4 30. Nb2 Qxd1 31. Nxd1 Rxd1 32. Qe2 Ng3+ 0-1

[Event "XXVIII Festival A"]
[Site "Arco ITA"]
[Date "2006.10.29"]
[Round "9"]
[White "Dittmar, Peter"]
[Black "Geske, Julian"]
[Result "1-0"]
[WhiteElo "2365"]
[BlackElo "2148"]
[PlyCount "95"]
[EventDate "2006.10.21"]

1. d4 Nf6 2. Bg5 e6 3. e4 c5 4. d5 d6 5. Nc3 Be7 6. Bb5+ Bd7 7. dxe6 fxe6 8.
Bxd7+ Qxd7 9. Nf3 Nc6 10. O-O O-O 11. Re1 Ng4 12. Bxe7 Qxe7 13. h3 Nge5 14.
Nxe5 Nxe5 15. Qe2 a6 16. Rad1 Rf7 17. f3 Raf8 18. Rf1 Rf4 19. Rf2 Qg5 20. Kh1
Qg3 21. Qf1 Nxf3 22. Rxf3 Rxf3 23. gxf3 Rxf3 24. Qg2 Qf4 25. Rg1 g6 26. Qg4 Qf6
27. e5 dxe5 28. Ne4 Qf5 29. Ng3 Qf6 30. Rg2 Rf4 31. Qe2 Rf3 32. Qd2 e4 33. Kh2
e3 34. Qd6 Rf2 35. Qb8+ Kf7 36. Qxb7+ Kg8 37. Qc8+ Kf7 38. Qd7+ Kf8 39. Qd6+
Kf7 40. Qc7+ Kg8 41. Qb8+ Kf7 42. Ne4 Rxg2+ 43. Kxg2 Qd4 44. Ng5+ Kf6 45. Nf3
Qd7 46. Qf8+ Qf7 47. Qxc5 Qb7 48. Qf8+ 1-0

[Event "XXVIII Festival A"]
[Site "Arco ITA"]
[Date "2006.10.29"]
[Round "9"]
[White "Knors, Rudi"]
[Black "Castellano, Alfonso"]
[Result "1-0"]
[WhiteElo "2071"]
[BlackElo "1926"]
[PlyCount "71"]
[EventDate "2006.10.21"]

1. d4 Nf6 2. Nf3 g6 3. g3 Bg7 4. Bg2 O-O 5. O-O c6 6. c4 d5 7. Qb3 Nbd7 8. Nc3
Nb6 9. cxd5 cxd5 10. Bf4 Nh5 11. Bg5 h6 12. Bd2 Be6 13. Rfd1 a6 14. Na4 Nxa4
15. Qxa4 b5 16. Qa3 a5 17. Qc5 b4 18. Ne5 Re8 19. Rac1 Rc8 20. Nc6 Qd7 21. e3
Nf6 22. Qb6 Ra8 23. Rc5 Qd6 24. Rdc1 Nd7 25. Qb7 Nxc5 26. Rxc5 Rac8 27. Bf1 Bd7
28. Nxa5 Rxc5 29. dxc5 Qxc5 30. Qxd7 Ra8 31. Nc6 Rxa2 32. Bxb4 Qc1 33. Qe8+ Kh7
34. Nxe7 h5 35. Qxf7 Qc2 36. Bc3 1-0

[Event "XXVIII Festival A"]
[Site "Arco ITA"]
[Date "2006.10.29"]
[Round "9"]
[White "Kranebitter, Gerhard"]
[Black "Antoniacci, Riccardo"]
[Result "1-0"]
[WhiteElo "2091"]
[BlackElo "1969"]
[PlyCount "117"]
[EventDate "2006.10.21"]

1. g3 e5 2. Bg2 d6 3. c4 g6 4. Nc3 Bg7 5. d3 c6 6. h4 h6 7. Bd2 a5 8. Qb3 Nd7
9. Qa3 Ra6 10. Ne4 c5 11. Nc3 f5 12. Nb5 Ngf6 13. Nh3 O-O 14. Nc3 Kh7 15. Nd5
Nh5 16. Bf3 Ndf6 17. Nxf6+ Bxf6 18. Bd5 Bg7 19. Bf3 Nf6 20. Bg2 Ng4 21. Bd5 Re8
22. Ng5+ hxg5 23. hxg5+ Nh6 24. O-O-O f4 25. gxh6 Bh8 26. Be4 Qc7 27. Rdf1 f3
28. exf3 Be6 29. Kb1 Rb8 30. Qa4 Bd7 31. Qc2 Bc6 32. Rh4 b5 33. Rg4 Bxe4 34.
fxe4 Qd7 35. Rh4 Bf6 36. Rh2 bxc4 37. Qxc4 Rab6 38. Bc1 Rb4 39. Qc2 Qf7 40. f3
c4 41. dxc4 Rxc4 42. Qd3 Rd4 43. Qa6 a4 44. Rc2 Rdb4 45. Bd2 R8b6 46. Qc8 Rb8
47. Qa6 R8b6 48. Qa5 R6b5 49. Bxb4 Rxa5 50. Bxa5 Qe8 51. Rc7+ Kg8 52. Rfc1 Qb5
53. Ra7 Qb8 54. Rcc7 a3 55. b4 Kf8 56. h7 Qe8 57. g4 g5 58. Rd7 Qc8 59. Rf7+
1-0

[Event "XXVIII Festival A"]
[Site "Arco ITA"]
[Date "2006.10.29"]
[Round "9"]
[White "La Manna, Francesco"]
[Black "Happel, Hendrik A."]
[Result "1/2-1/2"]
[WhiteElo "2119"]
[BlackElo "2213"]
[PlyCount "74"]
[EventDate "2006.10.21"]

1. d4 Nf6 2. c4 c5 3. d5 e5 4. Nc3 d6 5. e4 Be7 6. Bd3 Nbd7 7. Nge2 h5 8. f3 h4
9. Be3 Nf8 10. Qd2 Ng6 11. O-O-O a6 12. g3 Bd7 13. Kb1 Rb8 14. gxh4 Rxh4 15.
Rhg1 Nh5 16. Ng3 Ngf4 17. Nxh5 Nxh5 18. Rdf1 Bf6 19. Ne2 b5 20. b3 bxc4 21.
Bxc4 Bb5 22. Bxb5+ Rxb5 23. Ng3 Nxg3 24. hxg3 Rh3 25. Rh1 Qd7 26. Bg5 c4 27.
Bxf6 gxf6 28. g4 Rxh1 29. Rxh1 cxb3 30. Rh8+ Ke7 31. Qh6 bxa2+ 32. Ka1 Rb1+ 33.
Kxa2 Qa4+ 34. Kxb1 Qb3+ 35. Kc1 Qc3+ 36. Kd1 Qxf3+ 37. Kd2 Qf2+ 1/2-1/2

[Event "XXVIII Festival A"]
[Site "Arco ITA"]
[Date "2006.10.29"]
[Round "9"]
[White "Luciani, Valerio"]
[Black "Watson, Ron"]
[Result "1-0"]
[WhiteElo "2229"]
[BlackElo "2112"]
[PlyCount "63"]
[EventDate "2006.10.21"]

1. d4 d5 2. c4 e6 3. Nc3 Nf6 4. cxd5 exd5 5. Bg5 Be7 6. e3 O-O 7. Bd3 Nbd7 8.
Qc2 c5 9. Nge2 c4 10. Bf5 Qa5 11. O-O Re8 12. f3 g6 13. Bh3 Nf8 14. Bxc8 Raxc8
15. Bxf6 Bxf6 16. e4 dxe4 17. fxe4 Bg7 18. e5 Nd7 19. Ne4 Rc6 20. Rad1 b5 21.
a3 Qb6 22. Kh1 a6 23. N2c3 f5 24. Ng5 Qd8 25. Nf3 Nb6 26. d5 Rc5 27. Qf2 Qc8
28. Rfe1 Nd7 29. e6 Nf6 30. d6 Ng4 31. Qg1 Rxe6 32. d7 1-0

[Event "XXVIII Festival A"]
[Site "Arco ITA"]
[Date "2006.10.29"]
[Round "9"]
[White "Prakken, Gerrit"]
[Black "Friedrich, Norbert"]
[Result "1/2-1/2"]
[WhiteElo "2180"]
[BlackElo "2309"]
[PlyCount "102"]
[EventDate "2006.10.21"]

1. d4 d5 2. c4 c6 3. Nc3 Nf6 4. e3 e6 5. Nf3 Nbd7 6. Bd3 dxc4 7. Bxc4 b5 8. Be2
Bb7 9. O-O b4 10. Na4 c5 11. dxc5 Nxc5 12. Bb5+ Ncd7 13. Ne5 Qc7 14. Qd4 Rd8
15. Rd1 a6 16. Bxd7+ Nxd7 17. Nxd7 Rxd7 18. Qxd7+ Qxd7 19. Rxd7 Kxd7 20. b3 Bd6
21. Bb2 f6 22. Bd4 Ke7 23. Bc5 Rc8 24. Bxd6+ Kxd6 25. h4 Rc2 26. a3 a5 27. Nb6
Kc5 28. Nd7+ Kb5 29. a4+ Kc6 30. Nf8 e5 31. Ne6 Rb2 32. Rc1+ Kb6 33. Nc5 Bd5
34. Nd7+ Kb7 35. Nc5+ Kb6 36. Nd7+ Kb7 37. Nc5+ Ka7 38. Nd7 Bxb3 39. Rc5 Bc2
40. Rxa5+ Kb7 41. Nc5+ Kc6 42. Kh2 b3 43. Rb5 Ra2 44. Nxb3 Bxb3 45. Rxb3 Rxf2
46. Kg3 Ra2 47. Rc3+ Kd6 48. Rc4 h5 49. Rb4 Kc6 50. Kf3 Kc5 51. g3 Kc6 1/2-1/2

[Event "XXVIII Festival A"]
[Site "Arco ITA"]
[Date "2006.10.29"]
[Round "9"]
[White "Schaefer, Michael"]
[Black "Heinig, Wolfram"]
[Result "1-0"]
[WhiteElo "2199"]
[BlackElo "2364"]
[PlyCount "121"]
[EventDate "2006.10.21"]

1. d4 Nf6 2. c4 d6 3. Nc3 Nbd7 4. Nf3 e5 5. Bg5 Be7 6. e3 Ng8 7. Bxe7 Nxe7 8.
Be2 Nc6 9. O-O O-O 10. a3 Nf6 11. Qc2 exd4 12. exd4 Bg4 13. Rfd1 Re8 14. h3 Bh5
15. b4 h6 16. Rac1 Qd7 17. Rd2 Ne7 18. Nh4 g5 19. Nf3 Ng6 20. Bd3 Nf4 21. Bf5
Qc6 22. d5 Qxc4 23. Nh2 Kg7 24. g3 Re5 25. gxf4 Qxf4 26. Bd3 Rae8 27. Bf1 Re1
28. Rxe1 Rxe1 29. Qd3 Rc1 30. Ne2 Bxe2 31. Rxe2 Nd7 32. Qe3 Qc4 33. Re1 Rxe1
34. Qxe1 Qxd5 35. Qc3+ Ne5 36. Qxc7 a6 37. Qc3 h5 38. Qe3 f6 39. Bg2 Qd1+ 40.
Nf1 g4 41. hxg4 Qxg4 42. Qg3 b6 43. Ne3 Qxg3 44. fxg3 Kg6 45. Bf1 b5 46. Nd5
Kg5 47. Nc7 Nf3+ 48. Kf2 Nd4 49. Bd3 f5 50. Ke3 Nc6 51. Nxa6 d5 52. Bxb5 d4+
53. Kd3 Na7 54. Bd7 f4 55. gxf4+ Kxf4 56. b5 Nxb5 57. Bxb5 Ke5 58. Nb4 h4 59.
Bc6 h3 60. a4 h2 61. a5 1-0